[Event "5th Open"]
[Site "Kalamaria GRE"]
[Date "2008.08.03"]
[Round "2"]
[White "Dalaklis,G"]
[Black "Bojkov,D"]
[Result "1-0"]
[WhiteElo "2186"]
[BlackElo "2498"]

1.g3 e5 2.c4 Nf6 3.Bg2 d5 4.cxd5 Nxd5 5.Nf3 Nc6 6.O-O Nb6 7.d3 Be7 8.Nbd2 O-O
9.a3 a5 10.b3 Be6 11.Bb2 f6 12.Qc2 Qd7 13.Rfd1 Rfc8 14.e3 Bf8 15.d4 exd4
16.Nxd4 Nxd4 17.Bxd4 c5 18.Bc3 Qf7 19.Rab1 Rc7 20.Be4 Kh8 21.h4 a4 22.bxa4 Nxa4
23.Ba1 Bg4 24.Bxh7 Bxd1 25.Rxd1 Rd7 26.Bg6 Qd5 27.Be4 Qd6 28.Bf5 Re7 29.Qc4 g6
30.Bxg6 Bg7 31.Qg4 Qe6 32.Bf5 Qf7 33.Ne4 c4 34.Nd6 Qf8 35.Qg6  1-0

[Event "12th HZ Open"]
[Site "Vlissingen NED"]
[Date "2008.08.03"]
[Round "2"]
[White "Zilverberg,J"]
[Black "Llaneza Vega,P"]
[Result "0-1"]
[WhiteElo "2026"]
[BlackElo "2260"]

1.c4 e5 2.g3 Nc6 3.Bg2 f5 4.Nc3 Nf6 5.e3 d5 6.Nxd5 Nxd5 7.Bxd5 Nb4 8.Bg2 Qd3
9.Qe2 Nc2+ 10.Kd1 Qxe2+ 11.Nxe2 Nxa1 12.b3 a5 13.Nc3 a4 14.Nxa4 Bd7 15.Bb2 Bxa4
16.bxa4 Rxa4 17.Bxa1 Rxa2 18.Bc3 Kd7 19.Ke2 Bd6 20.Bxb7 c6 21.Rb1 Rb8 22.Rb6 c5
23.Bc6+ Kc7 24.Rxb8 Kxb8 25.Bd5 Ra7 26.Be6 g6 27.Bd5 Re7 28.Ba5 Kc8 29.Bc3 Bc7
30.Bc6 g5 31.Bd5 g4 32.f3 h5 33.Kf2 Kd7 34.Kg2 f4 35.gxf4 exf4 36.e4 Be5
37.Bxe5 Rxe5 38.fxg4 hxg4  0-1

[Event "12th HZ Open"]
[Site "Vlissingen NED"]
[Date "2008.08.03"]
[Round "3"]
[White "Carlstedt,J"]
[Black "Brandenburg,D"]
[Result "1/2-1/2"]
[WhiteElo "2203"]
[BlackElo "2431"]

1.c4 e5 2.g3 Nf6 3.Nf3 e4 4.Nd4 d5 5.cxd5 Qxd5 6.Nc2 e3 7.f3 exd2+ 8.Qxd2 Nc6
9.Nc3 Qa5 10.e4 Bd7 11.Nd5 Qxd2+ 12.Bxd2 Nxd5 13.exd5 Ne7 14.Bc4 Nf5 15.O-O-O O-O-O
16.Bc3 h5 17.Rhe1 Bc5 18.Bd3 Rhg8 19.Re5 g6 20.Rde1 Kb8 21.R5e2 Bc8 22.Bc4 a6
23.b4 Ba7 24.Bf6 Rd6 25.Be5 Rd7 26.Bb3 b5 27.Bf6 Kb7 28.Kb2 Bb6 29.Kc3 a5
30.a3 a4 31.Ba2 Ka6 32.g4 Nd6 33.Nd4 Bxd4+ 34.Kxd4 Bb7 35.Re7 Rxe7 36.Rxe7 Kb6
37.h3 hxg4 38.hxg4 Rd8 39.Be5 f6 40.Bxd6 Rxd6 41.Re6 Bc8 42.Rxd6+ cxd6 43.Bb1 g5
44.Bg6 Kc7 45.Ke4 Kd8 46.Bf5 Bb7 47.Be6  1/2-1/2

[Event "12th HZ Open"]
[Site "Vlissingen NED"]
[Date "2008.08.04"]
[Round "4"]
[White "Zilverberg,J"]
[Black "Van Weersel,A"]
[Result "1/2-1/2"]
[WhiteElo "2026"]
[BlackElo "2233"]

1.c4 e5 2.g3 c6 3.d4 e4 4.Nc3 Bb4 5.Bf4 d5 6.cxd5 Qxd5 7.e3 Nd7 8.h4 Ndf6
9.Bg2 Bg4 10.Qc2 Ne7 11.Be5 Bf3 12.Bxf3 exf3 13.Bxf6 gxf6 14.Qb3 Qa5 15.Nxf3 Nd5
16.O-O O-O-O 17.Rac1 Kb8 18.Nxd5 cxd5 19.Ne1 Bd6 20.Nd3 Rc8 21.Nf4 Bxf4 22.exf4 Rxc1
23.Rxc1 Re8 24.Rc5 Qe1+ 25.Kg2 Re2 26.Qxd5 Qxf2+ 27.Kh3 Qf1+ 28.Kg4 Re8 29.Qxf7 Qe2+
30.Kf5 Qe4+ 31.Kxf6 Qxd4+ 32.Re5 Rd8 33.Qxh7 Rf8+ 34.Kg5 Qd8+ 35.Kg4 Qd1+
36.Kg5 Qd8+ 37.Qe7 Rg8+ 38.Kf5 Qc8+ 39.Qe6 Qc2+ 40.Re4 Rc8 41.Kg5 Qd3 42.Re3 Qd8+
43.Kg4 Qd1+ 44.Re2 a6 45.Qe4 Rg8+ 46.Kh3 Qf1+ 47.Qg2 Qb1 48.Qf3 Qxa2 49.f5 Qf7
50.f6 Qd7+ 51.g4 Rf8 52.Qf4+ Ka8 53.Rf2 Qf7 54.g5 Rd8 55.Qf5 Qb3+ 56.Kh2 Qc4
57.f7 Qxh4+ 58.Kg2 Rf8 59.g6 Qd4 60.Qe6 Ka7 61.Re2 Qg7 62.Qe3+ Ka8 63.Qg5 Rxf7
64.Re8+ Ka7 65.Qe3+  1/2-1/2

[Event "IX Miquel Mas de Figueres Open"]
[Site "Castell de Sant Ferran ESP"]
[Date "2008.08.05"]
[Round "5"]
[White "Echarte Buil,O"]
[Black "Simon Padros,E"]
[Result "1/2-1/2"]
[WhiteElo "2130"]
[BlackElo "2230"]

1.c4 e5 2.g3 d6 3.Bg2 f5 4.d3 Nf6 5.Nc3 g6 6.e4 Bg7 7.Nge2 O-O 8.O-O c6 9.Kh1 Be6
10.exf5 gxf5 11.f4 Nbd7 12.Be3 Qe7 13.Bg1 Qf7 14.Re1 Rfe8 15.Rb1 Nf8 16.b4 Ng6
17.b5 Bd7 18.a4 exf4 19.Nxf4 Nxf4 20.gxf4 Rxe1 21.Qxe1 Re8  1/2-1/2

[Event "Najdorf Memorial Open"]
[Site "Warsaw POL"]
[Date "2008.08.06"]
[Round "5"]
[White "Janczarski,M"]
[Black "Wierzbicka,W"]
[Result "1/2-1/2"]
[WhiteElo "2238"]
[BlackElo "2033"]

1.c4 e5 2.g3 Nc6 3.Bg2 Bc5 4.Nc3 d6 5.Na4 Nge7 6.e3 a6 7.b3 Ba7 8.Bb2 Bd7
9.Nc3 Rb8 10.a4 O-O 11.Nge2 Bf5 12.O-O Qd7 13.Nd5 Nxd5 14.cxd5 Ne7 15.Re1 Bh3
16.Bh1 f5 17.d4 Ng6 18.dxe5 dxe5 19.Rc1 f4 20.exf4 exf4 21.Bd4 Bxd4 22.Nxd4 Rf6
23.Rc2 fxg3 24.hxg3 Rbf8 25.Ne6 Rc8 26.Qc1 Bxe6 27.dxe6 Rxe6 28.Rd1 Rd6 29.Rxd6 Qxd6
30.Bxb7 Rf8 31.Rxc7 Ne5 32.Rc8 h5 33.Qc5 Nf3+ 34.Kg2 Ne1+ 35.Kf1 Qxc5 36.Rxc5 Nd3
37.Rc2 Nb4 38.Rc4 a5 39.Ke2 Re8+ 40.Kf3 Re5 41.Be4 Kf7 42.Ke3 g6 43.f4 Re7
44.Rc5 Ra7 45.Kd4 Ra6 46.Kc4 Re6 47.Bd5 Nxd5 48.Rxd5 Re3 49.Rd3 Re8 50.Kb5 Ra8
51.Rd5 Kf6 52.Rg5 Rb8+ 53.Kc4 Rc8+ 54.Rc5 Ra8 55.Rb5 Rc8+ 56.Kd4 Rd8+ 57.Kc4 Rc8+
58.Rc5 Ra8 59.Rg5 Rc8+ 60.Kb5 Ra8 61.Kb6 Rb8+ 62.Kxa5 Rxb3 63.Ka6 Ra3 64.a5 Rb3
65.Ka7 Rb4 66.Rc5 Rb3 67.a6 Rxg3 68.Kb6 Rb3+ 69.Rb5 Re3 70.a7 Re8 71.Ka6 Ra8
72.Kb7 Re8 73.Re5 Rd8 74.a8=Q Rxa8 75.Kxa8 h4 76.Kb7 h3 77.Re3 Kf5 78.Rxh3 Kxf4
79.Kc6 g5 80.Kd5 g4 81.Rh8 g3 82.Kd4 Kf3 83.Rf8+ Ke2 84.Ke4 g2 85.Rg8 Kf2  1/2-1/2

[Event "IX Miquel Mas de Figueres Open"]
[Site "Castell de Sant Ferran ESP"]
[Date "2008.08.07"]
[Round "7"]
[White "Echarte Buil,O"]
[Black "Lillo Ferrer,J"]
[Result "1/2-1/2"]
[WhiteElo "2130"]
[BlackElo "2200"]

1.c4 e5 2.g3 f5 3.Bg2 Nf6 4.Nc3 Bb4 5.Nd5 Bc5 6.e3 c6 7.Nxf6+ Qxf6 8.Ne2 d6
9.O-O O-O 10.Rb1 a5 11.b3 Na6 12.Bb2 Qe7 13.d4 Bb6 14.a3 e4 15.Bc3 d5 16.cxd5 cxd5
17.b4 Nc7 18.bxa5 Bxa5 19.Bb4 Bxb4 20.axb4 Be6 21.b5 b6 22.Nc3 Qa3 23.Qc2 Rfc8
24.Rfc1 Ne8 25.Bf1 Nd6 26.Ra1 Qxa1 27.Rxa1 Rxa1 28.Qb2 Rca8 29.Kg2 Kf7 30.h4 g6
31.Be2 R1a5 32.Qb3 Ra3 33.Qb4 Ne8 34.Bd1 R3a7 35.Bb3 Rd7 36.Na4  1/2-1/2

[Event "Arctic Chess Challenge"]
[Site "Tromso NOR"]
[Date "2008.08.07"]
[Round "6"]
[White "Walseth,T"]
[Black "Narvoy,T"]
[Result "1/2-1/2"]
[WhiteElo "1988"]
[BlackElo "1757"]

1.c4 e5 2.g3 Nf6 3.Bg2 d5 4.cxd5 Nxd5 5.Nc3 Nb6 6.d3 Be7 7.Nf3 N8d7 8.O-O O-O
9.b3 c6 10.Bb2 Qc7 11.Rc1 Re8 12.Rc2 f6 13.d4 exd4 14.Nxd4 Ne5 15.Qa1 Bd7
16.Nf3 Nxf3+ 17.Bxf3 Be6 18.Bc1 a6 19.Rd1 Rad8 20.Bf4 Rxd1+ 21.Qxd1 Qc8 22.Rd2 Rd8
23.Kf1 Rxd2 24.Qxd2 Qd8 25.Qxd8+ Bxd8 26.e4 Kf7 27.Ke2 Nd7 28.h4 Ba5 29.Bd2 Ne5
30.Bg2 c5 31.Na4 Bxd2 32.Kxd2 Nd7 33.f4 Ke7 34.Nb2 b5 35.Kc3 Kd6 36.Nd1 Nb6
37.Ne3 b4+ 38.Kc2 g6 39.Bf1 a5 40.Bb5 Bf7 41.Kd3 Ke7 42.Bc4 Be8 43.g4 h6
44.Nd5+ Nxd5 45.Bxd5 Bb5+ 46.Bc4 Bd7 47.g5 hxg5 48.hxg5 f5 49.e5 Bc6 50.Kc2 Be4+
51.Kb2 Bc6 52.a3 Be4 53.axb4 axb4 54.Kc1 Bb7 55.Kd2 Bc6 56.Ke3 Be4 57.Bb5 Bd5
58.Ba4 Bg2 59.Kd3 Bd5 60.Kc2 Be4+ 61.Kd2 Bg2 62.Bb5 Bd5 63.Kc2 Be4+ 64.Kd2  1/2-1/2

[Event "Open"]
[Site "Stare Mesto CZE"]
[Date "2008.08.12"]
[Round "6"]
[White "Parligras,C"]
[Black "Cajka,T"]
[Result "1-0"]
[WhiteElo "2271"]
[BlackElo "1847"]

1.c4 e5 2.g3 Nc6 3.Bg2 Nf6 4.Nf3 d5 5.cxd5 Nxd5 6.O-O Be6 7.Nc3 f6 8.d4 Nxc3
9.bxc3 exd4 10.cxd4 Be7 11.e4 Bg4 12.Bb2 O-O 13.Qb3+ Kh8 14.Qxb7 Rb8 15.Qxc6 Rxb2
16.Qc3 Qb8 17.Nd2 Rb6 18.Nb3 Bb4 19.Qc4 Ba3 20.Rab1 Rd8 21.Qc2 c5 22.dxc5 Rb4
23.Qc3 Be2 24.Rfe1 Rc4 25.Qe3 Bh5 26.Na5  1-0

[Event "Open"]
[Site "Stare Mesto CZE"]
[Date "2008.08.14"]
[Round "8"]
[White "Parligras,C"]
[Black "Kovacik,E"]
[Result "1-0"]
[WhiteElo "2271"]
[BlackElo "2149"]

1.c4 e5 2.g3 d5 3.cxd5 Qxd5 4.Nf3 Nc6 5.Nc3 Qd6 6.Bg2 Be7 7.O-O Be6 8.Qa4 Nf6
9.Nxe5 Qxe5 10.Bxc6+ bxc6 11.Qxc6+ Bd7 12.Qxa8+ Bd8 13.Qf3 Qd6 14.Ne4 Nxe4
15.Qxe4+ Kf8 16.d4 Bc6 17.Qe5 Qd7 18.d5 Bb5 19.Bf4 h5 20.h4 f6 21.Qe6 g5
22.Qxd7 Bxd7 23.hxg5 fxg5 24.Be5 Rh7 25.Rfc1 Bb5 26.Rc2 h4 27.Rac1 Be8 28.Bxc7 Bf6
29.Bd6+  1-0

[Event "ch-Euro Seniors"]
[Site "Davos SUI"]
[Date "2008.08.16"]
[Round "8"]
[White "Vucenovic,D"]
[Black "Rukavina,J"]
[Result "0-1"]
[WhiteElo "2313"]
[BlackElo "2414"]

1.c4 e5 2.g3 Nf6 3.Nc3 c6 4.d4 exd4 5.Qxd4 d5 6.e4 Nxe4 7.Nxe4 dxe4 8.Qxe4+ Be6
9.Bd2 Nd7 10.O-O-O Qb6 11.Bh3 Nc5 12.Qc2 O-O-O 13.Bxe6+ Nxe6 14.Qf5 Qa6 15.Nf3 Qxc4+
16.Bc3 Rxd1+ 17.Rxd1 g6 18.Qxf7 Bh6+ 19.Kb1 Qe4+ 20.Ka1 Rd8 21.Rxd8+ Nxd8
22.Qf6 Qc2 23.a3 Qxf2 24.Qh4 Qxf3 25.Qxh6 Qf1+ 26.Ka2 Qf7+ 27.Ka1 b6 28.g4 Ne6
29.g5 Kb7 30.Qh4 Nc5 31.Qe1 Nb3+ 32.Kb1 a5 33.Bf6 a4 34.Qb4 b5 35.Qg4 Qd5
36.Bc3 Qd3+ 37.Ka2 Nc1+ 38.Ka1 Ne2 39.Qe6 Qd1+  0-1

[Event "Open"]
[Site "Stare Mesto CZE"]
[Date "2008.08.16"]
[Round "10"]
[White "Golcman,E"]
[Black "Zvarik,M"]
[Result "1/2-1/2"]
[WhiteElo "2255"]
[BlackElo "2137"]

1.c4 e5 2.g3 d6 3.Bg2 Be7 4.Nc3 c6 5.Nf3 Be6 6.c5 Nd7 7.cxd6 Bxd6 8.d4 Ngf6
9.O-O O-O 10.Bg5 h6 11.Bxf6 Qxf6 12.d5 cxd5 13.Nxd5 Qd8 14.Nf4 Qe7 15.Nxe6 Qxe6
16.Nd2 Rfd8 17.Qb3 Qxb3 18.axb3 Bb4 19.Nc4 Nc5 20.Nxe5 Rd2 21.Nd3 Nxd3 22.exd3 Rxd3
23.Bxb7 Rad8 24.Rxa7 Rxb3 25.Rc1 Rxb2 26.Be4 Re2 27.Bf3 Re7 28.Rcc7 Rxc7
29.Rxc7 Bd6 30.Ra7 Bc5  1/2-1/2

[Event "U16 Olympiad"]
[Site "Mersin TUR"]
[Date "2008.08.18"]
[Round "3"]
[White "Garcia,Jan"]
[Black "Nikolashvili,G"]
[Result "0-1"]
[WhiteElo "2232"]
[BlackElo "2197"]

1.c4 e5 2.g3 Nf6 3.Bg2 d5 4.cxd5 Nxd5 5.Nc3 Nb6 6.Nf3 Nc6 7.d3 Be7 8.O-O O-O
9.Be3 Be6 10.Rc1 f6 11.a3 Nd4 12.Ne4 a5 13.Nc5 Bxc5 14.Rxc5 Qd6 15.b4 axb4
16.axb4 c6 17.Nxd4 exd4 18.Bf4 Qe7 19.Qd2 g5 20.Bxg5 fxg5 21.Rxg5+ Kh8 22.Re5 Qd6
23.Re4 Bf5 24.Rh4 Rae8 25.b5 cxb5 26.Rb1 Na4 27.Rxb5 Nc3 28.Rxb7 Rxe2 29.Qc1 Qe6
30.Bf1 Re1 31.Qd2 Ne2+ 32.Kg2 Bh3+  0-1

[Event "5th DA Tan Malaysian Open"]
[Site "Kuala Lumpur MAS"]
[Date "2008.08.22"]
[Round "7"]
[White "Dableo,R"]
[Black "Yap,K"]
[Result "1/2-1/2"]
[WhiteElo "2444"]
[BlackElo "2321"]

1.g3 e5 2.c4 Nf6 3.Bg2 d5 4.cxd5 Nxd5 5.Nf3 Nc6 6.Nc3 Nb6 7.O-O Be6 8.d3 Be7
9.Be3 Nd5 10.Nxd5 Bxd5 11.Qa4 O-O 12.Rfc1 Re8 13.Bc5 Bf6 14.e4 Be6 15.Rc3 Qd7
16.Rac1 Rad8 17.Be3 Bg4 18.Kh1 Qc8 19.b4 a6 20.Qb3 Qe6 21.Qxe6 Rxe6 22.a3 Red6
23.Ne1 R6d7 24.Bf1 Re8 25.Kg2 Be6 26.Nf3 h6 27.Be2 Bg4 28.h3 Bxf3+ 29.Bxf3 Bg5
30.Bg4 Rd6 31.f4 Bf6 32.Rb3 Red8 33.Be2 exf4 34.gxf4 Bd4 35.Bd2 Bb6 36.Bc3 Be3
37.Rf1 Nd4 38.Bxd4 Bxd4 39.Rbb1 Rc6 40.Rbc1 Rxc1 41.Rxc1 c6 42.a4 Be3 43.Rc4 Bxf4
44.b5 axb5 45.axb5 cxb5 46.Rb4 Be3 47.Rxb5 b6 48.Rb3 g6 49.Ra3 Rd7 50.Bd1 f5
51.Bb3+ Kg7 52.exf5 gxf5 53.Be6 Bc5  1/2-1/2

[Event "44th Rubinstein Mem Open A"]
[Site "Polanica Zdroj POL"]
[Date "2008.08.22"]
[Round "4"]
[White "Heberla,B"]
[Black "Wcislo,D"]
[Result "1-0"]
[WhiteElo "2510"]
[BlackElo "2216"]

1.c4 e5 2.g3 Nc6 3.Bg2 f5 4.Nc3 Nf6 5.d3 Bb4 6.Bd2 O-O 7.a3 Bxc3 8.Bxc3 d6
9.b4 Kh8 10.Nf3 Qe8 11.Bb2 Qh5 12.d4 exd4 13.Nxd4 Ne5 14.Nb5 Qf7 15.c5 Nc4
16.Bxf6 Qxf6 17.Rc1 c6 18.Nc7 d5 19.Nxa8 Qe5 20.Qa4 Qb8 21.b5 Qxa8 22.Rxc4 cxb5
23.Qxb5 dxc4 24.Qxc4 Qb8 25.O-O f4 26.gxf4 Qxf4 27.Qxf4 Rxf4 28.Rb1 Rf7 29.c6 b6
30.Rd1 Rf8 31.c7 g6 32.Rd8 Kg7 33.h4 Kf7 34.Kh2 Ke7 35.Rxf8  1-0

[Event "5th DA Tan Malaysian Open"]
[Site "Kuala Lumpur MAS"]
[Date "2008.08.23"]
[Round "9"]
[White "Shen Siyuan"]
[Black "Sukandar,I"]
[Result "0-1"]
[WhiteElo "2316"]
[BlackElo "2262"]

1.c4 e5 2.g3 Nf6 3.Bg2 d5 4.cxd5 Nxd5 5.Nc3 Nb6 6.Nf3 Nc6 7.O-O Be7 8.d3 O-O
9.b3 Bg4 10.h3 Bh5 11.Bb2 f5 12.Nd2 Bf6 13.Nc4 Nxc4 14.bxc4 Re8 15.Rb1 Rb8
16.Nd5 Bg5 17.Re1 Nd4 18.f4 Bf6 19.Qd2 c6 20.Nxf6+ gxf6 21.e3 Nf3+ 22.Bxf3 Bxf3
23.Rf1 e4 24.d4 Kf7 25.d5 c5 26.a4 Qd6 27.Ba3 h5 28.h4 b6 29.a5 Rg8 30.Kh2 Rgd8
31.Rfc1 Kg6 32.Rb2 Qd7 33.Rb5 bxa5 34.Rxc5 Rb3 35.Bb2 Rd3 36.Qf2 Qa4 37.Rf1 Qb4
38.Rc6 Rd2 39.Rxf6+ Kh7 40.Be5 Rxf2+ 41.Rxf2 Qe1  0-1

[Event "U16 Olympiad"]
[Site "Mersin TUR"]
[Date "2008.08.23"]
[Round "8"]
[White "Sop,S"]
[Black "Kafetzopoulos,A"]
[Result "0-1"]
[WhiteElo "1870"]
[BlackElo "2049"]

1.c4 e5 2.g3 Nc6 3.Bg2 f5 4.e3 Nf6 5.Nc3 d5 6.cxd5 Nb4 7.d3 Nbxd5 8.Nxd5 Nxd5
9.a3 Nf6 10.Qc2 Bd6 11.Ne2 O-O 12.O-O Kh8 13.Bd2 c6 14.b4 Qe8 15.a4 Qh5 16.Rfe1 f4
17.exf4 Bh3 18.fxe5 Ng4 19.Nf4 Rxf4 20.Bxf4 Bxg2 21.Kxg2 Qxh2+ 22.Kf1 Bxb4
23.Reb1 a5 24.Rc1 Rd8 25.Rd1 Bc3 26.Ra2 Bd4 27.e6 Re8 28.Re1 Bxf2 29.Re4 h5
30.Qd2 Qg1+ 31.Ke2 Bxg3 32.Bxg3 Qxg3 33.e7 Qf2+ 34.Kd1 Qf1+ 35.Kc2 Qf7 36.Rb2 Rxe7
37.Rxe7 Qxe7 38.Qxa5 Ne3+ 39.Kb1 Nd5 40.Qa8+ Kh7 41.Rxb7 Qe1+ 42.Kc2 Qe2+
43.Kc1 Qxd3 44.Qe8 Qc4+ 45.Kd2 Qc3+ 46.Ke2 Nf4+ 47.Kf2 Qd4+ 48.Kf3 Ng6 49.Qxc6  0-1

[Event "Liga Nacional Ajedrez"]
[Site "Villa Martelli ARG"]
[Date "2008.08.23"]
[Round "3"]
[White "Giardelli,S"]
[Black "Julia,E"]
[Result "1/2-1/2"]
[WhiteElo "2378"]
[BlackElo "2367"]

1.c4 e5 2.g3 Nf6 3.Bg2 c6 4.d4 exd4 5.Qxd4 d5 6.Nc3 Be6 7.cxd5 cxd5 8.Nf3 Nc6
9.Qa4 Be7 10.O-O O-O 11.Rd1 Qb6 12.Qb5 Bc5 13.Qxb6 Bxb6 14.Na4 Rfe8 15.Nxb6 axb6
16.Be3 Ra6 17.Nd4 h6 18.a3 Na5 19.b3 Nc6 20.Rdc1 Nxd4 21.Bxd4 Ne4 22.e3 Nd2
23.Rc3 Rea8 24.Rd3 Ne4 25.Bb2 Rc8 26.f3 Nc5 27.Rc3 Raa8 28.Rd1 Rd8 29.Bf1 d4
30.Rxd4 Nxb3 31.Rxd8+ Rxd8 32.Rc2 Rd1 33.Kf2 Kf8 34.Be2 Rb1 35.Be5 Nc5 36.Bd6+ Ke8
37.Bxc5 bxc5 38.Rxc5 Rb2 39.e4 Kd8 40.Rc3 Bd7 41.Ke3 Bc6 42.h4 Ke7 43.f4 Bxe4
44.Rc7+ Kf8 45.Bc4 Bg6 46.g4 f6 47.Bd5 Be8 48.Rxb7 Rh2 49.Rb8 Ke7 50.Rb7+ Kf8
51.Rb8 Ke7 52.Rb7+  1/2-1/2

[Event "23rd Open"]
[Site "Schwarzach AUT"]
[Date "2008.08.24"]
[Round "9"]
[White "Wimmer,A"]
[Black "Puerckhauer,S"]
[Result "0-1"]
[WhiteElo "2101"]
[BlackElo "2142"]

1.c4 e5 2.g3 Nc6 3.Bg2 Bc5 4.Nc3 d6 5.e3 Nf6 6.Nge2 O-O 7.a3 Re8 8.d3 a5
9.O-O Bf5 10.h3 Qc8 11.Kh2 Ne7 12.e4 Bd7 13.Bg5 c6 14.Bxf6 gxf6 15.Qd2 Kh8
16.f4 Be6 17.g4 Qd8 18.b3 Rb8 19.d4 exd4 20.Nxd4 Rg8 21.Nf5 b5 22.Nh6 Rf8
23.cxb5 cxb5 24.Nd5 Bxd5 25.exd5 Qb6 26.Qd3 Kg7 27.Nf5+ Nxf5 28.Qxf5 Rbe8
29.Be4 Rh8 30.g5 Qd8 31.gxf6+ Qxf6 32.Rg1+ Bxg1+ 33.Rxg1+ Qg6 34.Rxg6+ hxg6
35.Qd7 Rxe4 36.Qxd6 Re3 37.b4 Rhxh3+ 38.Kg2 Rhg3+ 39.Kf2 Rgf3+ 40.Kg2 Rg3+
41.Kf2 Rxa3 42.f5 Rgf3+  0-1

[Event "X Sants Open"]
[Site "Barcelona ESP"]
[Date "2008.08.26"]
[Round "5"]
[White "Narciso Dublan,M"]
[Black "Byklum,B"]
[Result "1/2-1/2"]
[WhiteElo "2525"]
[BlackElo "2308"]

1.c4 e5 2.g3 d6 3.Nc3 g6 4.d4 Nd7 5.Nf3 Bg7 6.Bg2 Ne7 7.O-O O-O 8.e3 h6 9.b4 f5
10.Qb3 Kh7 11.dxe5 dxe5 12.Ba3 c6 13.Rad1 Qe8 14.b5 Qf7 15.e4 Nb6 16.exf5 gxf5
17.Rfe1 e4 18.Nd4 Rd8 19.Nce2  1/2-1/2

[Event "TCh-MNE Premier"]
[Site "Herceg Novi MNE"]
[Date "2008.08.27"]
[Round "3"]
[White "Raicevic,M"]
[Black "Lekic,D"]
[Result "1-0"]
[WhiteElo "2359"]
[BlackElo "2377"]

1.c4 e5 2.g3 Nf6 3.Bg2 d5 4.cxd5 Nxd5 5.Nc3 Nb6 6.Nf3 Nc6 7.O-O Be7 8.b3 O-O
9.Bb2 Re8 10.Rc1 Bf8 11.d3 Bg4 12.Ne4 Nd7 13.a3 a5 14.h3 Bh5 15.Re1 f5 16.Nc3 Bf7
17.Nd2 Nc5 18.Nb5 e4 19.d4 Na6 20.e3 Ne7 21.Nc4 Nd5 22.Qd2 c6 23.Nc3 Nac7
24.Ne2 Nb5 25.Kh2 Be6 26.Ng1 Nb6 27.Nxa5 Qb8 28.b4 Na4 29.Ne2 Nxb2 30.Qxb2 Rxa5
31.bxa5 Bxa3 32.Qa1 Bxc1 33.Rxc1 Qa7 34.Nf4 Bf7 35.Bf1 g5 36.Ng2 Nc7 37.Qa3 Bd5
38.h4 h6 39.Qd6 Ne6 40.Rb1 Kf7 41.Be2 g4 42.Nf4 Nxf4 43.Qxf4 Be6 44.Bxg4 Qb8
45.Bh5+ Kg7 46.Bxe8  1-0

[Event "1st Dragon Capital Vietnam Open"]
[Site "Vung Tau VIE"]
[Date "2008.08.27"]
[Round "1"]
[White "Nguyen Manh Truong"]
[Black "Sadorra,J"]
[Result "0-1"]
[WhiteElo "2131"]
[BlackElo "2470"]

1.c4 e5 2.g3 d6 3.Bg2 f5 4.e3 Nf6 5.Ne2 Be7 6.Nbc3 c6 7.b4 O-O 8.O-O Be6
9.d3 Nbd7 10.Rb1 Qe8 11.b5 Qh5 12.f4 Bd8 13.bxc6 bxc6 14.Na4 Qh6 15.e4 Qg6
16.fxe5 dxe5 17.exf5 Bxf5 18.Bxc6 Bxd3 19.Bxa8 Bxb1 20.Nec3 Bd3 21.Bd5+ Nxd5
22.Rxf8+ Nxf8 23.cxd5 Bc2 24.Qe2 Ba5 25.Bb2 Nd7 26.Qb5 Qf5 27.Qc6 Kf7 28.d6 Bd3
29.Qd5+ Kg6 30.Qg2 Bb4 31.g4 Qg5 32.Qf3 Qd2 33.h4 h6 34.Qf2 Qf4 35.Qxf4 exf4
36.Nd5 Bxd6 37.Bc1 f3 38.Kf2 Ne5 39.Ne3 Bb5 40.Nc3 Nd3+ 41.Kf1 Ba6 42.Bd2 Bg3
43.h5+ Kf7 44.Ncd1 Nf4+ 45.Kg1 Nh3+ 46.Kh1 Bb7  0-1

[Event "TCh-MNE Premier"]
[Site "Herceg Novi MNE"]
[Date "2008.08.29"]
[Round "5"]
[White "Raicevic,M"]
[Black "Bujisic,V"]
[Result "1-0"]
[WhiteElo "2359"]
[BlackElo "2252"]

1.c4 e5 2.g3 Nf6 3.Bg2 d5 4.cxd5 Nxd5 5.Nc3 c6 6.Nf3 Nd7 7.O-O Nxc3 8.bxc3 Be7
9.d4 Qa5 10.Qd3 O-O 11.h3 Re8 12.e4 b6 13.Rd1 Ba6 14.Qc2 Rad8 15.Bb2 Bc4
16.Nd2 Be2 17.Re1 Ba6 18.a4 exd4 19.cxd4 Bb4 20.Nb3 Qh5 21.Bc3 Bxc3 22.Qxc3 c5
23.a5 cxd4 24.Nxd4 Nc5 25.axb6 axb6 26.Nf5 Qg6 27.Red1 Rf8  1-0

[Event "Liga Nacional Ajedrez"]
[Site "Villa Martelli ARG"]
[Date "2008.08.30"]
[Round "4"]
[White "Giardelli,S"]
[Black "Fulgenzi,E"]
[Result "1-0"]
[WhiteElo "2378"]
[BlackElo "2358"]

1.c4 e5 2.g3 g6 3.Bg2 Bg7 4.Nc3 d6 5.b4 f5 6.Rb1 Nf6 7.d3 O-O 8.Nf3 h6 9.O-O g5
10.c5 Re8 11.cxd6 cxd6 12.Bb2 Be6 13.Qa4 Nbd7 14.Rbc1 a6 15.Rc2 b5 16.Qa3 d5
17.Rfc1 Bf8 18.Nd1 Bf7 19.Qc3 d4 20.Qd2 Nd5 21.a3 a5 22.bxa5 Rxa5 23.e3 dxe3
24.Nxe3 Nxe3 25.fxe3 Ra7 26.Qc3 Qa5 27.Qxa5 Rxa5 28.Rc7 Rd8 29.R1c6 Nb8 30.Rb6 e4
31.Ne5 Be8 32.dxe4 b4 33.Bf1 Rd1 34.Rxb8 bxa3 35.Bxa3 Rxa3 36.Rxe8 Raa1 37.Rf7 Rxf1+
38.Kg2  1-0

[Event "16th Nikea Open"]
[Site "Athens GRE"]
[Date "2008.08.31"]
[Round "8"]
[White "Sienczewski,Z"]
[Black "Kampitsis,V"]
[Result "1-0"]
[WhiteElo "2113"]
[BlackElo "1895"]

1.c4 e5 2.g3 f5 3.Bg2 Nf6 4.d3 Be7 5.Nf3 Nc6 6.Nc3 O-O 7.O-O d6 8.Rb1 Kh8
9.b4 a6 10.a4 e4 11.dxe4 Nxe4 12.Nd5 Ne5 13.Qc2 c6 14.Nxe7 Qxe7 15.Bb2 Be6
16.Nxe5 dxe5 17.Bxe5 Bxc4 18.Bxg7+ Qxg7 19.Bxe4 Bxe2 20.Qxe2 Rae8 21.b5 Rxe4
22.Qc2 cxb5 23.axb5 a5 24.Rfe1 Qe5 25.Rxe4 fxe4 26.Re1 Re8 27.Qc4 b6 28.Re3 Qf4
29.Qd4+ Qe5 30.Qxb6 Rb8 31.Qxa5 Rxb5 32.Qa8+ Rb8 33.Qxe4 Qa1+ 34.Kg2 Rb1
35.Qe8+ Kg7 36.Re7+ Kh6 37.Qf8+  1-0

[Event "SuperLiga-ROM"]
[Site "Eforie Nord ROM"]
[Date "2008.09.01"]
[Round "1"]
[White "Grecescu,G"]
[Black "Valeanu,E"]
[Result "1-0"]
[WhiteElo "2415"]
[BlackElo "2440"]

1.c4 e5 2.g3 d6 3.Bg2 g6 4.Nc3 Bg7 5.d3 Nf6 6.e4 O-O 7.Nge2 c6 8.O-O a6 9.h3 b5
10.Be3 Be6 11.b3 b4 12.Na4 c5 13.f4 Nc6 14.f5 Bd7 15.g4 Ne8 16.Nb2 Nd4 17.Qd2 Nxe2+
18.Qxe2 g5 19.a3 bxa3 20.Rxa3 h6 21.Qd2 Qb6 22.h4 f6 23.Rfa1 Nc7 24.Nd1 Rab8
25.Bf3 Kf7 26.Qf2 Rh8 27.Bd2 Qb7 28.Ne3 Bc6 29.Nf1 Bf8 30.Ng3 Be7 31.Nh5 Rbg8
32.Kf1 Be8 33.b4 Bc6 34.Bd1 Rb8 35.bxc5 dxc5 36.Be3 Qb2 37.Bc2 Rhd8 38.R1a2 Qb6
39.Ra5 Rd4 40.Ng3 Rbd8 41.R5a3 gxh4 42.Ne2 R4d7 43.Qxh4 Bf8 44.Rb3 Qxb3 45.Bxb3 Rxd3
46.Qh5+ Kg8 47.Qg6+ Bg7 48.Bxh6 R8d7 49.Ba4 Rh3 50.Rb2 Nb5 51.cxb5 Rh1+ 52.Kf2 Rh2+
53.Kg3 Rxh6 54.Qe8+ Kh7 55.bxc6 Rd3+ 56.Kg2  1-0

[Event "1st Dragon Capital Vietnam Open"]
[Site "Vung Tau VIE"]
[Date "2008.09.01"]
[Round "9"]
[White "Vo Thanh Ninh"]
[Black "Goh Weiming"]
[Result "0-1"]
[WhiteElo "2360"]
[BlackElo "2403"]

1.c4 e5 2.g3 Nf6 3.Bg2 h6 4.Nc3 Bb4 5.Qb3 Bxc3 6.Qxc3 d6 7.d3 Nc6 8.e4 Nd4
9.Be3 c5 10.Bxd4 cxd4 11.Qd2 Rb8 12.Ne2 b5 13.b3 bxc4 14.bxc4 Qb6 15.O-O O-O
16.Qc1 Bg4 17.f3 Be6 18.Rb1 Qa5 19.Qc2 Nd7 20.Nc1 Rxb1 21.Qxb1 Rb8 22.Nb3 Qa3
23.Qc2 a5 24.Rb1 a4 25.Na5 Qc3 26.Rxb8+ Nxb8 27.Qb1 Na6 28.Nc6 a3 29.Bf1 Qb2
30.Qe1 Kh7 31.Qa5 Qb1 32.g4 Nc5 33.Qxa3 f6 34.Nb4 Qd1 35.Kf2 Qd2+ 36.Be2 Qe3+
37.Ke1 Bxc4 38.Kf1 Bb5 39.h4 h5 40.gxh5 Qf4 41.Ke1 Qxh4+ 42.Kd2 Qg5+ 43.Kd1 Ba4+
44.Ke1 f5 45.Na6 Qg1+ 46.Kd2 Qe3+ 47.Ke1 fxe4 48.fxe4 Nxe4 49.Qxa4 Qg1+  0-1

[Event "MCF GM"]
[Site "Kuala Lumpur MAS"]
[Date "2008.09.02"]
[Round "8"]
[White "Rahman,Zia"]
[Black "Iuldachev,S"]
[Result "1-0"]
[WhiteElo "2564"]
[BlackElo "2520"]

1.c4 e5 2.g3 Nc6 3.Bg2 f5 4.Nc3 Nf6 5.d3 Bb4 6.Bd2 d6 7.a3 Bxc3 8.Bxc3 O-O
9.Nf3 Kh8 10.O-O Qe8 11.b4 f4 12.b5 Ne7 13.gxf4 Ng6 14.fxe5 dxe5 15.Kh1 Bg4
16.Qd2 Bxf3 17.Bxf3 e4 18.dxe4 Nxe4 19.Qd4 Nxc3 20.Qxc3 Rd8 21.Rg1 b6 22.Rg5 Rd6
23.Rag1 Qd8 24.Bd5 Qe8 25.Rh5 Qxe2 26.Qh3 Rxd5 27.cxd5 Rxf2 28.Qc8+ Nf8 29.Qg4 Qb2
30.Qg3 Rf7 31.Qe5 Qf2 32.Rh3 Kg8 33.Rhg3 g6 34.Qe3 Qa2 35.Qd3 Nd7 36.Rxg6+ hxg6
37.Qxg6+ Kf8 38.Qg8+ Ke7 39.Re1+ Ne5 40.Rxe5+ Kd6 41.Re6+ Kc5 42.Rc6+ Kd4
43.Qxf7  1-0

[Event "SuperLiga-ROM"]
[Site "Eforie Nord ROM"]
[Date "2008.09.03"]
[Round "3"]
[White "Doncea,V"]
[Black "Ardelean,Ge"]
[Result "1/2-1/2"]
[WhiteElo "2455"]
[BlackElo "2498"]

1.c4 e5 2.g3 Nc6 3.Bg2 Bc5 4.Nc3 d6 5.e3 a6 6.Nge2 Ba7 7.d4 Nge7 8.b4 exd4
9.exd4 Nf5 10.c5 O-O 11.Rb1 Nce7 12.O-O c6 13.a4 d5 14.b5 axb5 15.axb5 Bb8
16.Bg5 Bc7 17.b6 Bb8 18.Ra1 Rxa1 19.Qxa1 Be6 20.Qa4 Qd7 21.Ra1 Ng6 22.Qd1 h6
23.Bc1 Qe7  1/2-1/2

[Event "5th LGA Premium Cup"]
[Site "Nuernberg GER"]
[Date "2008.09.05"]
[Round "2"]
[White "Loew,G"]
[Black "Steinmueller,A"]
[Result "1-0"]
[WhiteElo "1963"]
[BlackElo "2066"]

1.c4 e5 2.g3 Nc6 3.Bg2 Bc5 4.Nc3 a6 5.e3 Ba7 6.Nge2 d5 7.a3 Nge7 8.d3 Be6
9.Nxd5 Qd7 10.b4 Rc8 11.Qa4 Nxd5 12.cxd5 Ne7 13.Qxd7+ Bxd7 14.Bb2 f5 15.Kd2 g5
16.f4 gxf4 17.gxf4 Ng6 18.Raf1 Rf8 19.Rf2 Ke7 20.h4 Rce8 21.h5 Nxf4 22.Nxf4 exf4
23.Rxf4 Kd8 24.Re1 Rg8 25.Bf3 Rg3 26.Re2 Rg1 27.Rc4 Ba4 28.Rc1 Rg3 29.Rf1 Rh3
30.Bf6+ Kc8 31.Bg5 Bd7 32.Bf4 Rg8 33.h6 Rh4 34.Rg2 Rxg2+ 35.Bxg2 Rg4 36.Bh3 Rh4
37.Rf3 Rh5 38.Rg3 b5 39.Rg8+ Kb7 40.Bg2 Bb8 41.Rg7  1-0